00585nam a2200157 i 4500001000300000100002400003245016800027260002100195700002500216700002100241040000800262041000800270080001000278008004100288856009800329bg1 aCHOROBOWICZ, Marian 0aWyposażenia magazynów eksponowane na Międzynarodowych Targach w Lipsku (NRD) 9.III - 16.III 1975 /cMarian Chorobowicz, Żaneta Jankiewicz, Tadeusz Potocki. aPoznań,c1975.1 aJANKIEWICZ, Żaneta1 aPOTOCKI, Tadeusz cBPK apol a658.6 s pl f |000 0 pol  uhttp://koha.tu.koszalin.pl/cgi-bin/koha/opac-detail.pl?biblionumber=27221yKatalog online BPK